000 01428nam a22003857a 4500
001 103
003 FISKH
005 20240119150143.0
008 230224b cb ||||| |||| 00| 0 eng d
010 _a 2007044161
020 _a9781426302862 (paperback)
020 _a9780545112758
020 _a9781426302886 (library binding)
035 _a(OCoLC)ocn180190831
040 _aDLC
_cDLC
_dIG#
_dBAKER
_dBTCTA
_dUKM
_dHHO
_dB2A
_dEHH
_dXY4
_dGRC
_dGO3
_dCQU
_dGO3
_dDLC
_dFISKH
042 _alcac
050 0 0 _aQL638.9
_b.S292 2008
082 0 0 _a597.3
_222
100 1 _aSchreiber, Anne.
245 1 0 _aSharks! /
_cAnne Schreiber.
260 _aWashington, D.C. :
_bNational Geographic
_c2008
300 _a31 p. :
_bcol. ill. ;
_c23 cm.
490 1 _aScience readers, level 2
500 _a"National Geographic kids"--Cover.
505 0 _aChomp! -- Shark pups -- Pups grow up -- What big teeth you have -- Imagine this! -- Blue-ribbon sharks -- Now you see them -- ...Now you don't -- Shark attack! -- People attack?
520 _aDescribes the life cycle and behavior of sharks.
521 8 _a520
_bLexile
521 8 _aL
_bRaz-Plus
650 0 _aSharks
_vJuvenile literature.
650 1 _aSharks.
830 0 _aScience readers.
_nLevel 2.
856 4 1 _3Table of contents only
_uhttp://www.loc.gov/catdir/toc/ecip083/2007044161.html
906 _a7
_bcbc
_corignew
_d1
_eecip
_f20
_gy-gencatlg
942 _2ddc
_cMAG/NEWS
_n0
999 _c103
_d103